Statistics for Countries Bordering Russia - Map Quiz

Click here to take the quiz!

General Stats

  • This quiz has been taken 781 times
  • The average score is 13 of 14

Answers on the Map

Answers color-coded by a green-red scale on the quiz's map according to % correct below.
Loading ...
 

Answer Stats

Answer% Correct
Finland
97%
Norway
96%
Estonia
95%
Latvia
95%
Lithuania
95%
Ukraine
95%
Kazakhstan
95%
Mongolia
95%
North Korea
95%
Belarus
94%
Azerbaijan
94%
China
94%
Poland
93%
Georgia
88%

Score Distribution

Percentile by Number Answered

Percent of People with Each Score

Your Score History

You have not taken this quiz